The point of departure / (Record no. 174441)

000 -LEADER
fixed length control field 01605cam a22004214a 4500
001 - CONTROL NUMBER
control field 13432919
003 - CONTROL NUMBER IDENTIFIER
control field Nust
005 - DATE AND TIME OF LATEST TRANSACTION
control field 20180730073642.0
008 - FIXED-LENGTH DATA ELEMENTS--GENERAL INFORMATION
fixed length control field 031212s2003 nyu 000 0deng
010 ## - LIBRARY OF CONGRESS CONTROL NUMBER
LC control number 2003070375
020 ## - INTERNATIONAL STANDARD BOOK NUMBER
International Standard Book Number 0743483774
Terms of availability Rs. 416
038 ## - RECORD CONTENT LICENSOR
Staff Name Arshad
040 ## - CATALOGING SOURCE
Original cataloging agency DLC
Transcribing agency DLC
Modifying agency DLC
042 ## - AUTHENTICATION CODE
Authentication code pcc
043 ## - GEOGRAPHIC AREA CODE
Geographic area code a-iq---
-- e-uk---
-- n-us---
050 00 - LIBRARY OF CONGRESS CALL NUMBER
Classification number JN1129.L32
Item number C64 2003
082 00 - DEWEY DECIMAL CLASSIFICATION NUMBER
Classification number 941.086
Author Mark COO
100 1# - MAIN ENTRY--PERSONAL NAME
Personal name Cook, Robin F.
9 (RLIN) 12084
245 14 - TITLE STATEMENT
Title The point of departure /
Statement of responsibility, etc. Robin Cook.
260 ## - PUBLICATION, DISTRIBUTION, ETC.
Place of publication, distribution, etc. New York, NY :
Name of publisher, distributor, etc. Simon & Schuster,
Date of publication, distribution, etc. 2003.
300 ## - PHYSICAL DESCRIPTION
Extent 399 p. ;
Dimensions 25 cm.
600 10 - SUBJECT ADDED ENTRY--PERSONAL NAME
Personal name Cook, Robin F.
9 (RLIN) 12084
610 20 - SUBJECT ADDED ENTRY--CORPORATE NAME
Corporate name or jurisdiction name as entry element Labour Party (Great Britain)
9 (RLIN) 12085
610 10 - SUBJECT ADDED ENTRY--CORPORATE NAME
Corporate name or jurisdiction name as entry element Great Britain.
Subordinate unit Parliament.
-- House of Commons.
9 (RLIN) 12086
650 #0 - SUBJECT ADDED ENTRY--TOPICAL TERM
Topical term or geographic name entry element Iraq War, 2003-2011.
9 (RLIN) 12087
650 #0 - SUBJECT ADDED ENTRY--TOPICAL TERM
Topical term or geographic name entry element Legislators
Geographic subdivision Great Britain.
9 (RLIN) 12088
651 #0 - SUBJECT ADDED ENTRY--GEOGRAPHIC NAME
Geographic name Great Britain
General subdivision Politics and government
Chronological subdivision 1997-
9 (RLIN) 12089
651 #0 - SUBJECT ADDED ENTRY--GEOGRAPHIC NAME
Geographic name Great Britain
General subdivision Relations
Geographic subdivision United States.
9 (RLIN) 12090
651 #0 - SUBJECT ADDED ENTRY--GEOGRAPHIC NAME
Geographic name United States
General subdivision Relations
Geographic subdivision Great Britain.
9 (RLIN) 12091
651 #0 - SUBJECT ADDED ENTRY--GEOGRAPHIC NAME
Geographic name Great Britain
General subdivision Relations
Geographic subdivision Iraq.
9 (RLIN) 12092
651 #0 - SUBJECT ADDED ENTRY--GEOGRAPHIC NAME
Geographic name Iraq
General subdivision Relations
Geographic subdivision Great Britain.
9 (RLIN) 12093
856 42 - ELECTRONIC LOCATION AND ACCESS
Materials specified Contributor biographical information
Uniform Resource Identifier <a href="http://www.loc.gov/catdir/bios/simon053/2003070375.html">http://www.loc.gov/catdir/bios/simon053/2003070375.html</a>
856 42 - ELECTRONIC LOCATION AND ACCESS
Materials specified Publisher description
Uniform Resource Identifier <a href="http://www.loc.gov/catdir/description/simon052/2003070375.html">http://www.loc.gov/catdir/description/simon052/2003070375.html</a>
906 ## - LOCAL DATA ELEMENT F, LDF (RLIN)
a 7
b cbc
c orignew
d 1
e ocip
f 20
g y-gencatlg
942 ## - ADDED ENTRY ELEMENTS (KOHA)
Source of classification or shelving scheme
Koha item type Book
Holdings
Withdrawn status Lost status Source of classification or shelving scheme Damaged status Not for loan Collection code Permanent Location Current Location Shelving location Date acquired Total Checkouts Full call number Barcode Date last seen Copy number Price effective from Koha item type
            Central Library (CL) Central Library (CL) Fiction 01/26/2017   941.086 COO CL122 01/26/2017 1 01/26/2017 Book
© 2023 Central Library, National University of Sciences and Technology. All Rights Reserved.